000 00377nam a22001337a 4500
999 _c160817
_d160817
082 _a
_b
100 _aElisee Reclus
245 _aWorld encyclopedia of nations and nationalities:
_buniversal geography with illustration and maps (v.7)(p.2)/
_cby Elisee Reclus.
260 _aNew Delhi:
_bDiscovery,
_c1992.
300 _a257p.
650 _a
700 _a
942 _cBK